000 00553nam a2200193Ia 4500
005 20250508153951.0
008 008 250505s9999 xx 000 0 eng d
037 _aTextual
040 _aFEDL
_beng
_cFEDL
041 _aeng
_2eng
084 _a370.97, UNI
_qFEDL
100 _aBlauch Lloyd E
_9763145
245 0 _aAccreditation in higher education
260 _aWashington, USA
_bU.S. Government Printing Office
_c1959
300 _aviii,247p.
650 _aEducation
942 _cTEXL
_h370.97, UNI
999 _c1346688
_d1346688